000 01326nam a2200277Ia 4500
999 _c41441
_d41441
001 8105
003 GE_BSU
005 20240307164756.0
008 181216s2011||||ge |||||||||||||| ||geo||
020 _a9789941031632
040 _cGE_BSU
041 _ageo
080 _a339.138(075.8) მ–25
100 _aმამულაძე, გელა
_915040
245 _aმარკეტინგის საფუძვლები :
_bლექციების კურსი /
_cგელა მამულაძე ; [მეცნ.-რედ. დევი შონია, სარედ. კოლ. : ციური დურული [და სხვ.].
264 _aთბილისი :
_c2011.
300 _a481 გვ.;
_b20 სმ.
504 _aბიბლიოგრ.: გვ. 479-480.
653 _aმარკეტინგის საფუძვლები
653 _aლექციების კურსი
700 _aშონია, დევი
_eრედაქტორი
_913274
700 _aდურული, ციური
_eრედაქტორი
_913275
700 _aგეჩბაია, ბადრი
_eრედაქტორი
_915042
700 _aმამულაძე, ვაჟა
_eრედაქტორი
_915044
942 _cBK
_2udc